000 00579cam a22002411 4500
001 sa 68005934
003 DLC
005 20260227112512.0
008 890629s1968 ii b 000 0 hino
010 _asa 68005934
035 _a(OCoLC)19949433
040 _aDLC
_cWaU
_dDLC
042 _apremarc
050 0 0 _aPK2916
_b.S53
100 1 _aSingh, Uday Bhanu.
245 1 0 _aBhāratīya kāvyaśāstra.
260 _c[1968]
300 _a264 p.
_c22 cm.
500 _aIn Hindi.
504 _aBibliographical footnotes.
650 0 _aIndic poetry.
650 0 _aPoetics.
999 _c81014
_d81014